Applied Control Theory for Embedded Systems (Record no. 8078)
[ view plain ]
| 000 -LEADER | |
|---|---|
| fixed length control field | 01053cam a22003014a 4500 |
| 001 - CONTROL NUMBER | |
| control field | 14247941 |
| 003 - CONTROL NUMBER IDENTIFIER | |
| control field | OSt |
| 005 - DATE AND TIME OF LATEST TRANSACTION | |
| control field | 20240315141550.0 |
| 008 - FIXED-LENGTH DATA ELEMENTS--GENERAL INFORMATION | |
| fixed length control field | 060130s2006 maua b 001 0beng |
| 010 ## - LIBRARY OF CONGRESS CONTROL NUMBER | |
| LC control number | 2006002692 |
| 020 ## - INTERNATIONAL STANDARD BOOK NUMBER | |
| International Standard Book Number | 0750678399 (pbk. : alk. paper) |
| 020 ## - INTERNATIONAL STANDARD BOOK NUMBER | |
| International Standard Book Number | 9780750678391 |
| 035 ## - SYSTEM CONTROL NUMBER | |
| System control number | (OCoLC)ocm63472516 |
| 040 ## - CATALOGING SOURCE | |
| Original cataloging agency | DLC |
| Transcribing agency | DLC |
| Modifying agency | MUST |
| -- | MUST |
| -- | DLC |
| 042 ## - AUTHENTICATION CODE | |
| Authentication code | pcc |
| 082 00 - DEWEY DECIMAL CLASSIFICATION NUMBER | |
| Classification number | 003.5 WES |
| Edition number | 22 |
| 100 1# - MAIN ENTRY--PERSONAL NAME | |
| Personal name | Wescott, Tim. |
| 9 (RLIN) | 16451 |
| 245 10 - TITLE STATEMENT | |
| Title | Applied Control Theory for Embedded Systems |
| 260 ## - PUBLICATION, DISTRIBUTION, ETC. (IMPRINT) | |
| Place of publication, distribution, etc. | Amsterdam; |
| Name of publisher, distributor, etc. | Elsevier, |
| Date of publication, distribution, etc. | c2006. |
| 300 ## - PHYSICAL DESCRIPTION | |
| Extent | ix, 303 p. : |
| Other physical details | ill. ; |
| Dimensions | 24 cm. |
| Accompanying material | 1 CD-ROM (4 3/4 in.) |
| 440 #0 - SERIES STATEMENT/ADDED ENTRY--TITLE | |
| Title | Embedded technology series |
| 9 (RLIN) | 16452 |
| 504 ## - BIBLIOGRAPHY, ETC. NOTE | |
| Bibliography, etc | Includes bibliographical references (p. 295-296) and index. |
| 650 #0 - SUBJECT ADDED ENTRY--TOPICAL TERM | |
| Topical term or geographic name as entry element | Embedded systems |
| 9 (RLIN) | 16453 |
| 650 #0 - SUBJECT ADDED ENTRY--TOPICAL TERM | |
| Topical term or geographic name as entry element | Digital control systems |
| 9 (RLIN) | 16454 |
| 856 41 - ELECTRONIC LOCATION AND ACCESS | |
| Materials specified | Table of contents only |
| Uniform Resource Identifier | <a href="http://www.loc.gov/catdir/toc/ecip067/2006002692.html">http://www.loc.gov/catdir/toc/ecip067/2006002692.html</a> |
| 856 42 - ELECTRONIC LOCATION AND ACCESS | |
| Materials specified | Publisher description |
| Uniform Resource Identifier | <a href="http://www.loc.gov/catdir/enhancements/fy0629/2006002692-d.html">http://www.loc.gov/catdir/enhancements/fy0629/2006002692-d.html</a> |
| 942 ## - ADDED ENTRY ELEMENTS (KOHA) | |
| Source of classification or shelving scheme | Dewey Decimal Classification |
| Koha item type | Book |
| Withdrawn status | Lost status | Source of classification or shelving scheme | Damaged status | Not for loan | Home library | Current library | Date acquired | Source of acquisition | Total Checkouts | Full call number | Barcode | Date last seen | Copy number | Price effective from | Koha item type |
|---|---|---|---|---|---|---|---|---|---|---|---|---|---|---|---|
| Dewey Decimal Classification | Main Kihumuro Campus | Main Kihumuro Campus | 15/02/2023 | Donation | 003.5 WES | 2023-0102 | 15/02/2023 | 1 | 15/02/2023 | Book | |||||
| Dewey Decimal Classification | Main Kihumuro Campus | Main Kihumuro Campus | 15/02/2023 | Donation | 003.5 WES | 2023-0103 | 15/02/2023 | 2 | 15/02/2023 | Book |
